Jakie kraje lubię - Statystyki

Ogólne statystyki
  • Ten quiz został rozwiązany 26 razy
  • Średni wynik to 9 z 20
Statystyki odpowiedzi
Ranking Odpowiedź Kontynent % Poprawnych
9 Rosja Euroazja
92%
3 Polska Europa
84%
4 Japonia Azja
60%
18 Stany Zjednoczone Ameryka Północna
56%
11 Czechy Europa
48%
1 Armenia Euroazja
44%
7 Chorwacja Europa
44%
15 Estonia Europa
44%
14 Litwa Europa
44%
13 Łotwa Europa
44%
19 Egipt Afryka
40%
6 Serbia Europa
40%
8 Słowacja Europa
40%
12 Albania Europa
36%
2 Korea Południowa Azja
36%
5 Słowenia Europa
36%
20 Azerbejdżan Euroazja
32%
17 Macedonia Europa
32%
16 Korea Północna Azja
28%
10 Kosowo Europa
28%
Nie znaleziono quizów pasujących do podanych kryteriów
Rozkład punktacji
Procent ludzi z każdym wynikiem
Percentyl według liczby udzielonych odpowiedzi
Twoja historia wyników
Nie rozwiązałeś tego quizu